| 000 | 00755nam a2200193 a 4500 | ||
|---|---|---|---|
| 008 | 100519s1996 ||||||||||||||||| || u | ||
| 020 | _a9188726681 | ||
| 050 | _aHV 713 Dev | ||
| 100 | _ade Vylder, Stefan | ||
| 245 | 1 | 0 |
_aDevelopment strategies, macroeconomic policies and the rights of the child _cDiscussion paper for Rädda Barnen by Stefan de Vylder |
| 260 |
_aStockholm: _bRädda Barnen _c1996 |
||
| 300 | _a76p.: ill. | ||
| 350 | _a0.00 | ||
| 650 | _aRIGHTS | ||
| 650 | 0 | _aCHILDREN--SOCIAL CONDITIONS | |
| 650 | _aCHILDREN'S RIGHTS | ||
| 650 | 0 | _aCHILDREN--ECONOMIC ASPECTS | |
| 995 |
_D0.00 _FCBU-MAIN LIBRARY (Kitwe) _H1 _I0.00 _M1 _UAVAILABLE _WSep 8, 2010 _ZAnnex Low-Usage Collection |
||
| 999 |
_c40036 _d40036 |
||